00271nam a2200097Ia 4500008004100000041000800041100002800049245004000077260003700117999001900154241105s9999 xx 000 0 und d aeng aThanawala Ishaa9182648 aFive Star Resort Near Mahabaleshwar bFinal Year B.Arch ID, Punec2014 c360939d360939